El orden oculto del arte
Na minha lista:
| Autor principal: | |
|---|---|
| Formato: | Livro |
| Idioma: | espanhol |
| Publicado em: |
Barcelona
Labor S. A
1973
|
| Colecção: | Biblioteca Universitaria Labor, 27
|
| Assuntos: | |
| Tags: |
Adicionar Tag
Sem tags, seja o primeiro a adicionar uma tag!
|
MARC
| LEADER | 00000nam a2200000 a 4500 | ||
|---|---|---|---|
| 001 | UCG5040 | ||
| 003 | CL-VaPUC | ||
| 008 | 101230e19730000SP |||||||||||||||||spa|d | ||
| 020 | |a 843357048X | ||
| 082 | 0 | 4 | |a 701.1 |b EHR |2 21 |
| 100 | 0 | |a Ehrenzweig, Anton |e author |9 554578 | |
| 245 | 1 | 3 | |a El orden oculto del arte |
| 300 | |a 331 p | ||
| 942 | |c BK | ||
| 945 | |d 20101230 00:00:00 |a dcastane | ||
| 260 | |a Barcelona |b Labor S. A |c 1973 | ||
| 650 | 0 | |a Filosofía del arte |9 264951 | |
| 650 | 0 | |a Arte moderno |9 265333 | |
| 650 | 0 | |a Psicología del arte |9 265264 | |
| 650 | 0 | |a Estética |9 264950 | |
| 650 | 0 | |a Creatividad |9 310816 | |
| 650 | 0 | |a Percepción |9 266750 | |
| 583 | |a last modification |c 20121001 10:25:34 |k Rodrigo Vera | ||
| 490 | 0 | |a Biblioteca Universitaria Labor, 27 | |
| 999 | |c 343613 |d 343611 | ||
| 952 | |0 0 |1 0 |4 0 |6 701_100000000000000_EHR_1973 |7 0 |8 P |9 441049 |a BIBEDU |b BIBEDU |c BIBEDU_PB |d 2019-11-22 |i 4739957 |o 701.1 EHR 1973 |p 4739957 |r 2024-01-25 |w 2019-11-22 |y BK |k FIL | ||